000 00576nam a2200205Ia 4500
003 GCL
008 140319s9999 xx 000 0 ara d
040 _aGCL /
_cGCL
082 0 4 _a412
_bا ع
100 1 _aاحمد مختار عمر
245 1 0 _aعلم الدلالة /
_cاحمد مختار عمر
260 _a[S.N] :
_bعالم الكتب الحديث ،
_c1993
300 _a297 ص
490 _a
650 0 4 _aالاشتقاق
650 0 4 _aاللغة العربية
650 0 4 _aالبلاغة العربية
650 0 4 _aالمعانى
942 _2ddc
_cBK
999 _c32596
_d32596